MARC

LEADER 00000nam0a2200000 4500
001 291557
005 20231102000412.0
035 |a (RuTPU)RU\TPU\book\316135 
090 |a 291557 
100 |a 20150415d1982 km y0rusy50 ca 
101 0 |a rus 
102 |a RU 
105 |a a z 001zy 
200 1 |a Обработка металлов давлением  |f Уральский политехнический институт им. С. М. Кирова ; под ред. В. Л. Колмогорова 
210 |a Свердловск  |c Изд-во УПИ  |d 1982 
215 |a 160 с.  |c ил. 
225 1 |a Межвузовский сборник  |v Вып. 9 
320 |a Библиография в конце статей 
606 1 |a Металлообработка давлением  |2 stltpush  |3 (RuTPU)RU\TPU\subj\72676  |9 86085 
610 1 |a пластическая деформация 
610 1 |a пластичность 
610 1 |a металлы 
610 1 |a термомеханические процессы 
610 1 |a сталь 
610 1 |a сплавы 
610 1 |a деформирование 
675 |a 621.73  |v 3 
702 1 |a Колмогоров  |b В. Л.  |4 340 
712 0 2 |a Уральский политехнический институт им. С. М. Кирова  |c (Свердловск)  |c (1948-1992)  |2 stltpush  |3 (RuTPU)RU\TPU\col\1982  |9 23638 
801 1 |a RU  |b 63413507  |c 20150415 
801 2 |a RU  |b 63413507  |c 20181008  |g RCR 
942 |c BK